书目信息 |
| 题名: |
第三届青海湖国际诗歌节特刊
|
|
| 作者: | 潇潇 主编 | |
| 分册: | ||
| 出版信息: | 西宁 青海人民出版社 2011.08 |
|
| 页数: | 1107页 | |
| 开本: | 32cm | |
| 丛书名: | ||
| 单 册: | ||
| 中图分类: | I12 | |
| 科图分类: | ||
| 主题词: | 文学--作品集--世界 | |
| 电子资源: | ||
| ISBN: | 978-7-225-03952-7 | |
| 000 | 00609nam0 2200193 450 | |
| 001 | 1236250452 | |
| 005 | 20120215093804.00 | |
| 010 | @a978-7-225-03952-7@dCNY88.00 | |
| 100 | @a20120212d2011 km y0chiy0120 ea | |
| 101 | 0 | @achi |
| 102 | @aCN@b640000 | |
| 200 | 1 | @a第三届青海湖国际诗歌节特刊@Adi san jie qing hai hu guo ji shi ge jie te kan@f潇潇主编@Fxiao xiao zhu bian |
| 210 | @a西宁@c青海人民出版社@d2011.08 | |
| 215 | @a1107页@d32cm | |
| 606 | 0 | @a文学@x作品集@x世界 |
| 690 | @aI12@v4 | |
| 701 | 0 | @a潇潇@Axiao xiao@4主编 |
| 801 | 0 | @aCN@b大连网信软件有限公司图书馆·11@c20120215 |
| 905 | @aZUCC@dI12@ex386 | |
| 第三届青海湖国际诗歌节特刊/潇潇主编.-西宁:青海人民出版社,2011.08 |
| 1107页;32cm |
| ISBN 978-7-225-03952-7:CNY88.00 |
| ● |
| 相关链接 |
|
|
|
正题名:第三届青海湖国际诗歌节特刊
索取号:I12/x386
 
预约/预借
| 序号 | 登录号 | 条形码 | 馆藏地/架位号 | 状态 | 备注 |
| 1 | 481851 | 204818518 | 文学库108/108文学库 2排1列3层/ [索取号:I12/x386] | 在馆 | |
| 2 | 481852 | 204818527 | 文学库108/108文学库 2排1列3层/ [索取号:I12/x386] | 在馆 | |
| 3 | 481853 | 204818536 | 文学库108/108文学库 2排1列3层/ [索取号:I12/x386] | 在馆 |